000 00769nam a2200217 i 4500
001 88374
003 ES-MaACL
005 20230906175840.0
007 t|
008 050104s1978 mx ||||1| spa d
100 1 _aLaing, Ronald David.
_969695
245 1 3 _aEl yo dividido
_b: un estudio sobre la salud y la enfermedad /
_cR.D. Laing ; [versión Francisco González Aramburo].
250 _a[1ª ed., 4ª reimp.].
260 _aMéxico, etc. :
_bFondo de Cultura Económica,
_c[1978]
300 _a216 p. ;
_c21 cm.
490 1 _aBiblioteca de psicología y psicoanálisis
700 1 _aGonzález Aramburo, Francisco.
_958429
830 0 _aBiblioteca de psicología y psicoanálisis
_9179941
852 _aES-MaACL
_jA-8876
_bR.98030
999 _c88374
_d88374